What is the animal based on the picture #2 - Statistics

General Stats
  • This quiz has been taken 17 times
  • The average score is 13 of 15
Answer Stats
Question Tile Select % Correct
Rhino No
100%
Bottlenose Dolphin No
93%
Racoon No
93%
Racoon Yes
93%
Human No
93%
Human Yes
93%
Human No
93%
Snow Leopard No
93%
Snow Leopard Yes
93%
Snow Leopard No
93%
Rhino No
87%
Rhino Yes
87%
Racoon No
80%
Bottlenose Dolphin Yes
67%
Bottlenose Dolphin No
53%
No matching quizzes found
Score Distribution
Percent of People with Each Score
Percentile by Number Answered
Your Score History
You have not taken this quiz